Natural rubber future: Bleak or bright (Record no. 63524)

MARC details
000 -LEADER
fixed length control field 00308nam a2200121Ia 4500
245 #0 - TITLE STATEMENT
Title Natural rubber future: Bleak or bright
260 ## - PUBLICATION, DISTRIBUTION, ETC. (IMPRINT)
Name of publisher Rubber International Magazine
Year of publication 2013
300 ## - PHYSICAL DESCRIPTION
Number of Pages 28-31
650 ## - SUBJECT ADDED ENTRY--TOPICAL TERM
Topical Term IRSG
650 ## - SUBJECT ADDED ENTRY--TOPICAL TERM
Topical Term Natural rubber
942 ## - ADDED ENTRY ELEMENTS (KOHA)
Koha item type Journals
Holdings
Withdrawn status Lost status Damaged status Not for loan Home library Current library Date acquired Serial Enumeration / chronology Koha item type
      Journals RRII Library RRII Library 21/03/2014 Volume 15, Issue 7 Journals